[Event "4NCL 3 South pool B"]
[Site "Telford, ENG ENG"]
[Date "2016.01.17"]
[Round "4.95"]
[White "Jones, Steven A"]
[Black "Madden, Paul"]
[Result "1-0"]
[WhiteElo "2180"]
[BlackElo "2092"]
[PlyCount "79"]
[EventDate "2016.01.17"]
[WhiteTeam "Surbiton"]
[BlackTeam "Ashfield-Breadsall 1"]

1. e4 e6 2. d4 d5 3. Nc3 Nf6 4. Bg5 Bb4 5. e5 h6 6. Bc1 Ne4 7. Qg4 g5 8. Nge2
c5 9. a3 Qa5 10. axb4 Qxa1 11. Nxe4 dxe4 12. bxc5 Bd7 13. Qxe4 Nc6 14. f3 O-O-O
15. Kf2 Nb4 16. c3 Bc6 17. Qe3 Nd5 18. Qd2 f5 19. c4 Ne7 20. b4 f4 21. Bb2 Qb1
22. b5 Be8 23. Nc3 Qh7 24. Ne4 Bg6 25. Nd6+ Kb8 26. Be2 Bb1 27. Bc3 Rdf8 28.
Qb2 Bd3 29. Ra1 Bxe2 30. Qxe2 g4 31. fxg4 h5 32. g5 h4 33. Qa2 Nc8 34. Nxc8
Kxc8 35. Qxa7 Qc7 36. Ba5 Qb8 37. Qb6 Re8 38. c6 Rh7 39. c7 Qa8 40. Bc3 1-0

[Event "4NCL 3 South pool B"]
[Site "Telford, ENG ENG"]
[Date "2016.01.17"]
[Round "4.96"]
[White "Willow, Jonah B"]
[Black "Shepherd, Paul D"]
[Result "1-0"]
[WhiteElo "2057"]
[BlackElo "2081"]
[PlyCount "59"]
[EventDate "2016.01.17"]
[WhiteTeam "Ashfield-Breadsall 1"]
[BlackTeam "Surbiton"]

1. e4 c5 2. Nf3 e6 3. d4 cxd4 4. Nxd4 Nc6 5. Nc3 Qc7 6. g3 a6 7. Bg2 Nf6 8. f4
Nxd4 9. Qxd4 Bc5 10. Qd3 d6 11. Be3 Bxe3 12. Qxe3 O-O 13. O-O-O Rb8 14. Qd3 Ne8
15. Rhe1 b5 16. e5 d5 17. g4 Bd7 18. Bxd5 b4 19. Be4 f5 20. Qxd7 Qxd7 21. Rxd7
bxc3 22. gxf5 Rxb2 23. Re3 Rxa2 24. Rxc3 Ra4 25. Bd3 exf5 26. Rc4 Ra1+ 27. Kb2
Rh1 28. Rc8 Rxh2 29. Bc4+ Kh8 30. Rf7 1-0

[Event "4NCL 3 South pool B"]
[Site "Telford, ENG ENG"]
[Date "2016.01.17"]
[Round "4.97"]
[White "Seymour, Timothy P"]
[Black "Mercs, Peter J"]
[Result "0-1"]
[WhiteElo "2079"]
[BlackElo "2114"]
[PlyCount "76"]
[EventDate "2016.01.17"]
[WhiteTeam "Surbiton"]
[BlackTeam "Ashfield-Breadsall 1"]

1. e4 c5 2. c3 Nf6 3. e5 Nd5 4. Nf3 d6 5. d4 cxd4 6. cxd4 Nc6 7. Bc4 e6 8. O-O
Be7 9. Bd2 dxe5 10. dxe5 O-O 11. Nc3 Nb6 12. Bb3 a5 13. Bf4 Qxd1 14. Rfxd1 a4
15. Bc2 Ra5 16. a3 Nc4 17. Nxa4 b5 18. Nc3 Nxb2 19. Rdb1 Nc4 20. Nxb5 Nxa3 21.
Nxa3 Rxa3 22. Be4 Rxa1 23. Rxa1 Nb4 24. Ra7 Rd8 25. g4 Kf8 26. Bxh7 Nd5 27. Bg5
g6 28. Bh6+ Ke8 29. h4 Bc5 30. Ra8 Kd7 31. Bg7 Kc7 32. h5 Nf4 33. Bh6 Nh3+ 34.
Kg2 Nxf2 35. hxg6 fxg6 36. Bxg6 Rg8 37. Be4 Rxg4+ 38. Kf1 Rxe4 0-1

[Event "4NCL 3 South pool B"]
[Site "Telford, ENG ENG"]
[Date "2016.01.17"]
[Round "4.98"]
[White "Jarvis, Derek A"]
[Black "Crombleholme, Alan K"]
[Result "1/2-1/2"]
[WhiteElo "1929"]
[BlackElo "2075"]
[PlyCount "127"]
[EventDate "2016.01.17"]
[WhiteTeam "Ashfield-Breadsall 1"]
[BlackTeam "Surbiton"]

1. e4 c6 2. d4 d5 3. Nd2 dxe4 4. Nxe4 Nd7 5. Ng5 Nb6 6. c3 h6 7. N5f3 Bf5 8.
Bd3 Bxd3 9. Qxd3 e6 10. Ne5 Bd6 11. Ngf3 Qf6 12. O-O Ne7 13. Re1 Qf5 14. Bd2
Qxd3 15. Nxd3 Ng6 16. b3 Nd7 17. c4 O-O 18. g3 c5 19. Nxc5 Nxc5 20. dxc5 Bxc5
21. Bc3 Rfd8 22. Rad1 b6 23. Kf1 Be7 24. Ke2 Nf8 25. Rd3 Rxd3 26. Kxd3 Nd7 27.
Kc2 Bf6 28. Ne5 Nxe5 29. Bxe5 Bxe5 30. Rxe5 Kf8 31. a4 Ke7 32. Kc3 Kd6 33. Rb5
Kc6 34. c5 Rd8 35. cxb6 axb6 36. Rb4 Rd1 37. Rf4 f6 38. h4 h5 39. Rc4+ Kb7 40.
Re4 e5 41. g4 hxg4 42. Rxg4 Rd7 43. h5 Ka6 44. b4 Rc7+ 45. Rc4 Rd7 46. Rc6 Kb7
47. Re6 Rc7+ 48. Kd3 Rd7+ 49. Kc3 Rc7+ 50. Kd3 Rd7+ 51. Ke4 Rd4+ 52. Kf5 Rf4+
53. Kg6 Rg4+ 54. Kh7 Rg5 55. Re7+ Kb8 56. Rxg7 Rxh5+ 57. Kg6 Rh2 58. Kxf6 Rxf2+
59. Kxe5 Ra2 60. Kd6 Rxa4 61. b5 Rh4 62. Rg8+ Kb7 63. Rg7+ Kb8 64. Rg8+ 1/2-1/2

[Event "4NCL 3 South pool B"]
[Site "Telford, ENG ENG"]
[Date "2016.01.17"]
[Round "4.99"]
[White "Wright, Jonathan"]
[Black "Garnett, John S"]
[Result "0-1"]
[WhiteElo "1902"]
[BlackElo "1969"]
[PlyCount "82"]
[EventDate "2016.01.17"]
[WhiteTeam "Surbiton"]
[BlackTeam "Ashfield-Breadsall 1"]

1. e4 c6 2. Nc3 d5 3. Nf3 Bg4 4. Be2 e6 5. O-O dxe4 6. Nxe4 Nd7 7. d4 Ngf6 8.
h3 Nxe4 9. hxg4 Qc7 10. Qd3 Nef6 11. c4 Nxg4 12. d5 O-O-O 13. Qd4 h5 14. Qxa7
Bc5 15. Qa8+ Nb8 16. dxc6 bxc6 17. b4 Bd4 18. Rb1 Qg3 19. b5 Bxf2+ 20. Kh1 c5
21. b6 h4 22. b7+ Kd7 23. Rd1+ Bd4 24. Rxd4+ cxd4 25. Qa4+ Ke7 26. Ba3+ Kf6 27.
Qa5 Nf2+ 28. Kg1 h3 29. Qg5+ Qxg5 30. Nxg5 h2+ 31. Kxf2 h1=Q 32. Rxh1 Rxh1 33.
Bf3 Ra1 34. Ne4+ Ke5 35. Kg3 Rxa2 36. Bc1 d3 37. Bf4+ Kd4 38. c5 e5 39. Bc1 f5
40. Ng5 Re8 41. Bh5 Re7 0-1

[Event "4NCL 3 South pool B"]
[Site "Telford, ENG ENG"]
[Date "2016.01.17"]
[Round "4.100"]
[White "Burke, Steven J"]
[Black "Alcock, Graham P"]
[Result "1/2-1/2"]
[WhiteElo "1943"]
[BlackElo "1806"]
[PlyCount "39"]
[EventDate "2016.01.17"]
[WhiteTeam "Ashfield-Breadsall 1"]
[BlackTeam "Surbiton"]

1. e4 e5 2. Bc4 Nc6 3. Nf3 Nf6 4. d3 h6 5. c3 Be7 6. Bb3 O-O 7. Nbd2 b6 8. Nc4
d6 9. Ne3 Re8 10. Ba4 Bd7 11. h3 Bf8 12. Nh2 Ne7 13. Bxd7 Qxd7 14. Nhg4 Nxg4
15. hxg4 g5 16. Qf3 Qe6 17. Bd2 c6 18. Rh5 d5 19. Nf5 Nxf5 20. Qxf5 1/2-1/2

[Event "4NCL 3 South pool B"]
[Site "Telford, ENG ENG"]
[Date "2016.01.17"]
[Round "4.105"]
[White "Fallowfield, Jeremy R"]
[Black "Farkas, Daniel"]
[Result "1-0"]
[WhiteElo "2092"]
[BlackElo "2107"]
[PlyCount "65"]
[EventDate "2016.01.17"]
[WhiteTeam "Warwickshire Select 2"]
[BlackTeam "Fermented Sharks"]

1. e4 c6 2. d4 d5 3. e5 c5 4. dxc5 e6 5. a3 Bxc5 6. Nf3 a5 7. Bd3 Ne7 8. O-O h6
9. Nbd2 a4 10. b4 axb3 11. cxb3 Bd7 12. Bb2 O-O 13. b4 Bb6 14. Nb3 Ba4 15. Bb1
Qd7 16. Qd3 g6 17. Nbd4 Nbc6 18. Qd2 Kg7 19. h4 Rac8 20. Bd3 Nxd4 21. Bxd4 Bxd4
22. Nxd4 Nc6 23. Nf3 Na7 24. Rfe1 Bb5 25. Bc2 Ba4 26. Bd3 Bb5 27. Bb1 Rc7 28.
h5 g5 29. Nxg5 Qc6 30. Nh7 Rfc8 31. Qf4 Qc3 32. Re3 Qc1+ 33. Kh2 1-0

[Event "4NCL 3 South pool B"]
[Site "Telford, ENG ENG"]
[Date "2016.01.17"]
[Round "4.106"]
[White "Agnew, Alan"]
[Black "Paterson, Andrew I"]
[Result "0-1"]
[WhiteElo "2105"]
[BlackElo "2080"]
[PlyCount "140"]
[EventDate "2016.01.17"]
[WhiteTeam "Fermented Sharks"]
[BlackTeam "Warwickshire Select 2"]

1. e4 c5 2. Nf3 Nc6 3. d3 g6 4. g3 Bg7 5. Bg2 e5 6. O-O Nge7 7. c3 O-O 8. Nbd2
d6 9. a4 h6 10. Nc4 f5 11. Qe2 f4 12. h3 Be6 13. b3 g5 14. g4 Qd7 15. Bb2 Ng6
16. Rfd1 Rae8 17. Qc2 Rd8 18. Ba3 Bf6 19. Nh2 Rf7 20. Rab1 Rh7 21. f3 Qg7 22.
b4 cxb4 23. Bxb4 Nxb4 24. Rxb4 h5 25. gxh5 Rxh5 26. Ng4 Rd7 27. Qb1 Bd8 28. a5
Rh7 29. d4 Bxg4 30. fxg4 f3 31. Qa2 Kh8 32. Bxf3 Rxh3 33. Bg2 Rxc3 34. Qd2 exd4
35. Qxd4 Bf6 36. e5 Bxe5 37. Nxe5 Qxe5 38. Qxe5+ Nxe5 39. Rxb7 Rxb7 40. Bxb7
Nxg4 41. Rxd6 Rc7 42. Rd8+ Kg7 43. a6 Ne5 44. Ra8 Nd7 45. Rxa7 Nb6 46. Kf2 Kf6
47. Kg3 Ke5 48. Kg4 Rg7 49. Ra8 Nxa8 50. Bxa8 Kd6 51. Bb7 Kc7 52. Bd5 Kb6 53.
Bb7 Kc7 54. Bd5 Kb6 55. Bb7 Ka7 56. Bc8 Rc7 57. Bb7 Rc5 58. Kh5 Kb8 59. Kg4 Ra5
60. Kh5 Kc7 61. Kg4 Kd6 62. Kh5 Ke7 63. Kg4 Kf6 64. Bc8 Ra1 65. Bb7 Ra4+ 66.
Kg3 g4 67. Bc8 Kg5 68. Bb7 Ra3+ 69. Kg2 Kf4 70. Kf2 Ra2+ 0-1

[Event "4NCL 3 South pool B"]
[Site "Telford, ENG ENG"]
[Date "2016.01.17"]
[Round "4.107"]
[White "Stepanyan, Henrik"]
[Black "Millward, Kevin P"]
[Result "1-0"]
[WhiteElo "2132"]
[BlackElo "1988"]
[PlyCount "95"]
[EventDate "2016.01.17"]
[WhiteTeam "Warwickshire Select 2"]
[BlackTeam "Fermented Sharks"]

1. c4 d6 2. Nc3 g6 3. d4 Bg7 4. e4 e5 5. d5 Nh6 6. h4 f5 7. Bxh6 Bxh6 8. exf5
Bxf5 9. g4 Bd7 10. g5 Bg7 11. Qd2 Bf5 12. Bd3 Na6 13. Ne4 Nc5 14. Nxc5 dxc5 15.
O-O-O Qd7 16. f3 Bxd3 17. Qxd3 Qf5 18. Qxf5 gxf5 19. Ne2 Kd7 20. Ng3 Rhf8 21.
Rhe1 a6 22. Kc2 Rae8 23. a3 b6 24. b4 cxb4 25. axb4 e4 26. fxe4 fxe4 27. Rxe4
Rxe4 28. Nxe4 Rf4 29. Kd3 Rxh4 30. Rf1 Ke7 31. c5 Rh3+ 32. Kd2 bxc5 33. bxc5
Bd4 34. d6+ cxd6 35. cxd6+ Ke6 36. g6 Be3+ 37. Ke2 hxg6 38. Rf6+ Ke5 39. d7 Rh8
40. Kxe3 Rd8 41. Rd6 a5 42. Rd4 Ke6 43. Nc5+ Ke7 44. Ke4 Rh8 45. Kd5 a4 46.
Rxa4 g5 47. Kc6 Kf6 48. Kc7 1-0

[Event "4NCL 3 South pool B"]
[Site "Telford, ENG ENG"]
[Date "2016.01.17"]
[Round "4.108"]
[White "Dydak, Mateusz"]
[Black "Page, Mark E"]
[Result "0-1"]
[WhiteElo "1875"]
[BlackElo "2036"]
[PlyCount "108"]
[EventDate "2016.01.17"]
[WhiteTeam "Fermented Sharks"]
[BlackTeam "Warwickshire Select 2"]

1. f4 Nf6 2. Nf3 d5 3. g3 g6 4. Bg2 Bg7 5. O-O O-O 6. d3 c5 7. Qe1 d4 8. c3 Nc6
9. Na3 Nd5 10. Bd2 Bg4 11. Nc2 Rc8 12. c4 Nc7 13. b4 cxb4 14. Nxb4 Nxb4 15.
Bxb4 Na6 16. Ba3 Nc5 17. Rb1 b6 18. Qf2 Bxf3 19. Bxf3 f5 20. Kg2 Qd6 21. Bb4 e5
22. Bd5+ Kh8 23. fxe5 Qxe5 24. Bd2 Rfe8 25. Bf3 h6 26. h4 Kh7 27. Rb5 Qe7 28.
Rh1 Rf8 29. Bf4 Bf6 30. Bd5 Kg7 31. Rb2 Qd7 32. Qe1 Rfe8 33. Qd2 h5 34. Bf3 Ne6
35. Rb5 Nxf4+ 36. Qxf4 Re3 37. Rd5 Qe7 38. Qd6 Re8 39. Qc6 Rxe2+ 40. Kh3 Re6
41. Qa4 Qf7 42. Rd7 R6e7 43. Rd8 Rc7 44. Ra8 Re3 45. Bd5 Qe7 46. Rf1 Bxh4 47.
Rg8+ Kh7 48. Rf3 Rxf3 49. Re8 Rxg3+ 50. Kh2 Qd7 51. Bg8+ Kg7 52. Be6 Qxa4 53.
Rg8+ Kf6 54. Rf8+ Kxe6 0-1

[Event "4NCL 3 South pool B"]
[Site "Telford, ENG ENG"]
[Date "2016.01.17"]
[Round "4.109"]
[White "Charnley, Bernard J"]
[Black "Hermes, Geoff R"]
[Result "1/2-1/2"]
[WhiteElo "2040"]
[BlackElo "1892"]
[PlyCount "59"]
[EventDate "2016.01.17"]
[WhiteTeam "Warwickshire Select 2"]
[BlackTeam "Fermented Sharks"]

1. e4 d6 2. d4 Nf6 3. Nc3 c6 4. f4 Qa5 5. Bd3 e5 6. Nf3 exd4 7. Nxd4 g6 8. Be3
Bg7 9. Qd2 O-O 10. Nb3 Qc7 11. O-O Nbd7 12. Kh1 Re8 13. Rae1 a6 14. h3 b5 15.
e5 dxe5 16. f5 Bb7 17. fxg6 hxg6 18. Qf2 c5 19. Nxc5 Nxc5 20. Bxc5 e4 21. Be2
Nd5 22. Nxd5 Bxd5 23. Bd4 Bxd4 24. Qxd4 Qe5 25. Qxe5 Rxe5 26. a3 Rc8 27. c3 Bb3
28. Bd1 Bc4 29. Be2 Bb3 30. Bd1 1/2-1/2

[Event "4NCL 3 South pool B"]
[Site "Telford, ENG ENG"]
[Date "2016.01.17"]
[Round "4.110"]
[White "Mc Aleenan, Charles"]
[Black "Parekh, Rajen M"]
[Result "1-0"]
[WhiteElo "1885"]
[BlackElo "1855"]
[PlyCount "93"]
[EventDate "2016.01.17"]
[WhiteTeam "Fermented Sharks"]
[BlackTeam "Warwickshire Select 2"]

1. d4 e6 2. Bf4 Nf6 3. e3 b6 4. Nf3 Bb7 5. Bd3 d5 6. O-O Nbd7 7. Qe2 a6 8. Nbd2
c5 9. c3 Ne4 10. Rad1 Qc8 11. Ne5 Nxe5 12. Bxe5 f6 13. Bf4 Nxd2 14. Rxd2 c4 15.
Qh5+ Kd8 16. Bb1 Bc6 17. e4 Ra7 18. exd5 exd5 19. Re2 Re7 20. Rfe1 Qd7 21. Rxe7
Bxe7 22. Qf7 Bd6 23. Qxd7+ Kxd7 24. Bf5+ Kd8 25. Bxd6 Re8 26. Rxe8+ Kxe8 27.
Bxh7 Kf7 28. Bc2 Ke6 29. Bc7 b5 30. Kf1 Be8 31. Ke2 Bh5+ 32. f3 Kd7 33. Bb6 Ke6
34. g4 Bf7 35. Bf5+ Kd6 36. Bc8 Kc6 37. Ba5 g5 38. Ke3 Be8 39. f4 Bd7 40. Bxd7+
Kxd7 41. fxg5 fxg5 42. Kf3 Ke6 43. Bd8 Kf7 44. Bxg5 a5 45. Bd2 Kg6 46. Kf4 Kf6
47. g5+ 1-0

[Event "4NCL 3 South pool B"]
[Site "Telford, ENG ENG"]
[Date "2016.01.17"]
[Round "4.115"]
[White "Redman, David J"]
[Black "Elwin, Adrian G"]
[Result "1/2-1/2"]
[WhiteElo "2252"]
[BlackElo "1988"]
[PlyCount "151"]
[EventDate "2016.01.17"]
[WhiteTeam "Poisoned Pawns"]
[BlackTeam "MK Phoenix 2"]

1. d4 Nf6 2. c4 g6 3. Nc3 Bg7 4. e4 d6 5. h3 c6 6. Nf3 O-O 7. Bd3 Nbd7 8. Be3
a6 9. e5 Ne8 10. e6 fxe6 11. h4 e5 12. d5 Ndf6 13. Ng5 e4 14. Bc2 Bg4 15. f3
Bd7 16. h5 Nxh5 17. Ncxe4 Nef6 18. Qd3 cxd5 19. Nxf6+ Nxf6 20. cxd5 Qa5+ 21.
Bd2 Qb5 22. Kf2 Qxd3 23. Bxd3 b5 24. Rae1 Ng4+ 25. Kg3 Ne5 26. Bb1 h6 27. Ne4
g5 28. f4 Ng6 29. Nxg5 Nxf4 30. Bxf4 hxg5 31. Bh7+ Kf7 32. Bxg5 Be5+ 33. Bf4
Bxb2 34. Bh6 Rfc8 35. Re3 Bf6 36. Kf3 Rc4 37. Be4 Rg8 38. g3 Bg4+ 39. Kg2 Rb4
40. Rb1 Rxb1 41. Bxb1 Rc8 42. Ra3 Rc3 43. Rxa6 Bf3+ 44. Kh2 Rc8 45. Ra3 Bxd5
46. g4 Rh8 47. Rh3 Rg8 48. g5 Bxg5 49. Rh5 Kf6 50. Bh7 Bxh6 51. Rxh6+ Kg7 52.
Bxg8 Bxg8 53. Rh5 Bxa2 54. Rxb5 Kf6 55. Rh5 e6 56. Kg3 Bb1 57. Kf4 Bg6 58. Ra5
e5+ 59. Ke3 Ke6 60. Ra6 Bc2 61. Ra2 Bb3 62. Ra3 Bc4 63. Ra4 d5 64. Ra8 d4+ 65.
Kf2 Kf5 66. Rc8 Bd5 67. Ke2 e4 68. Kd2 Ke5 69. Re8+ Be6 70. Ke2 Kd5 71. Re7 Kd6
72. Re8 Kd5 73. Re7 e3 74. Kd3 Bf5+ 75. Ke2 Bg4+ 76. Kd3 1/2-1/2

[Event "4NCL 3 South pool B"]
[Site "Telford, ENG ENG"]
[Date "2016.01.17"]
[Round "4.116"]
[White "Valentine, Brian J"]
[Black "Byway, Paul V"]
[Result "0-1"]
[WhiteElo "1969"]
[BlackElo "2098"]
[PlyCount "94"]
[EventDate "2016.01.17"]
[WhiteTeam "MK Phoenix 2"]
[BlackTeam "Poisoned Pawns"]

1. e4 c5 2. Nf3 e6 3. d4 cxd4 4. Nxd4 Nf6 5. Nc3 Nc6 6. Ndb5 Bb4 7. a3 Bxc3+ 8.
Nxc3 d5 9. exd5 exd5 10. Bd3 O-O 11. O-O Bg4 12. f3 Bh5 13. Ne2 Qb6+ 14. Kh1
Bg6 15. Bxg6 hxg6 16. b4 d4 17. Nf4 a5 18. Rb1 axb4 19. axb4 Qb5 20. Qd3 Qxd3
21. Nxd3 Rfe8 22. b5 Ne5 23. Nc5 b6 24. Nb3 d3 25. cxd3 Nxd3 26. Bg5 Ra2 27.
Ra1 Rxa1 28. Rxa1 Re5 29. Bxf6 gxf6 30. Nd4 Rd5 31. Ra4 Nc5 32. Rb4 Ne6 33. Ne2
Nc7 34. Kg1 Rxb5 35. Rd4 Nd5 36. Kf2 Rc5 37. Nf4 Rc2+ 38. Kg3 Ne3 39. Re4 Nf5+
40. Kh3 b5 41. g4 Nd6 42. Rd4 Nc4 43. Nd5 Kg7 44. Kg3 Nd2 45. h4 g5 46. Ne3
gxh4+ 47. Kxh4 Nxf3+ 0-1

[Event "4NCL 3 South pool B"]
[Site "Telford, ENG ENG"]
[Date "2016.01.17"]
[Round "4.117"]
[White "Kemp, Paul R"]
[Black "Williamson, Kevin J"]
[Result "1-0"]
[WhiteElo "2094"]
[BlackElo "1963"]
[PlyCount "57"]
[EventDate "2016.01.17"]
[WhiteTeam "Poisoned Pawns"]
[BlackTeam "MK Phoenix 2"]

1. e4 d5 2. exd5 Qxd5 3. Nf3 g6 4. d4 Bg7 5. Be2 Nh6 6. O-O O-O 7. c4 Qd8 8.
Nc3 Nf5 9. d5 e5 10. dxe6 Bxe6 11. Bg5 Qxd1 12. Rfxd1 h6 13. Bf4 Na6 14. g4 Nd6
15. Nd4 Rad8 16. Nd5 Bxd5 17. cxd5 g5 18. Bxd6 Rxd6 19. Nf5 Rb6 20. Nxg7 Kxg7
21. Rac1 Rxb2 22. Bxa6 bxa6 23. Rxc7 Rxa2 24. d6 Rb2 25. d7 Rbb8 26. Rdc1 Rbd8
27. Rxa7 f6 28. Rc8 a5 29. Raa8 1-0

[Event "4NCL 3 South pool B"]
[Site "Telford, ENG ENG"]
[Date "2016.01.17"]
[Round "4.118"]
[White "Majer, Chris E"]
[Black "McMahon, Paul"]
[Result "1/2-1/2"]
[WhiteElo "1939"]
[BlackElo "2008"]
[PlyCount "74"]
[EventDate "2016.01.17"]
[WhiteTeam "MK Phoenix 2"]
[BlackTeam "Poisoned Pawns"]

1. e4 e5 2. Bc4 Nc6 3. Nc3 Nf6 4. d3 d6 5. f4 Bg4 6. Nge2 g6 7. O-O Bg7 8. h3
Be6 9. Nd5 Bxd5 10. exd5 Ne7 11. fxe5 dxe5 12. Bg5 Qd6 13. Nc3 O-O 14. Qf3 Nf5
15. Bxf6 Qxf6 16. Kh2 Qb6 17. Ne4 Qe3 18. Rae1 Qxf3 19. Rxf3 Nd6 20. Bb3 Rae8
21. Kg1 h6 22. Kf2 Kh8 23. c3 Nxe4+ 24. dxe4 f5 25. Bc2 f4 26. Rd3 Rd8 27. Red1
Rf6 28. c4 Bf8 29. Rb1 Bc5+ 30. Kf3 Rb6 31. Rb3 Rdd6 32. a3 a5 33. Rd3 Kg7 34.
Ba4 Rd8 35. Rb3 c6 36. Rxb6 Bxb6 37. Rd1 cxd5 1/2-1/2

[Event "4NCL 3 South pool B"]
[Site "Telford, ENG ENG"]
[Date "2016.01.17"]
[Round "4.119"]
[White "Judkins, Brian D"]
[Black "Matthews, Adrian M S"]
[Result "1/2-1/2"]
[WhiteElo "1861"]
[BlackElo "1873"]
[PlyCount "60"]
[EventDate "2016.01.17"]
[WhiteTeam "Poisoned Pawns"]
[BlackTeam "MK Phoenix 2"]

1. e4 c5 2. Nf3 Nc6 3. d4 cxd4 4. Nxd4 e5 5. Nb5 a6 6. Nd6+ Bxd6 7. Qxd6 Qf6 8.
Qxf6 Nxf6 9. Nc3 Nb4 10. Bd3 Nxd3+ 11. cxd3 b5 12. O-O Bb7 13. f4 d6 14. fxe5
dxe5 15. Bg5 Nd7 16. Be3 O-O 17. a3 Rfd8 18. Rad1 Nf8 19. d4 exd4 20. Bxd4 Re8
21. Rfe1 Rac8 22. Bf2 Rc4 23. Rd4 Rxd4 24. Bxd4 Rd8 25. Be3 Ne6 26. Kf2 h6 27.
Re2 Ng5 28. h4 Nxe4+ 29. Nxe4 Bxe4 30. Bxh6 f5 1/2-1/2

[Event "4NCL 3 South pool B"]
[Site "Telford, ENG ENG"]
[Date "2016.01.17"]
[Round "4.125"]
[White "Amato, Giampiero"]
[Black "Gill, Oliver"]
[Result "0-1"]
[WhiteElo "2004"]
[BlackElo "2083"]
[PlyCount "88"]
[EventDate "2016.01.17"]
[WhiteTeam "CSC Rhinos [2]"]
[BlackTeam "Wessex"]

1. e4 e5 2. Nf3 Nf6 3. Nxe5 d6 4. Nf3 Nxe4 5. d4 d5 6. Bd3 Bd6 7. O-O O-O 8. c4
c6 9. cxd5 cxd5 10. Nc3 Nxc3 11. bxc3 Bg4 12. Rb1 Nd7 13. Rb5 Nb6 14. h3 Bh5
15. c4 Bxf3 16. Qxf3 dxc4 17. Be4 Qd7 18. Rh5 g6 19. Rh4 Rab8 20. Bh6 Be7 21.
Bxf8 Bxh4 22. Bc5 f5 23. Qf4 Re8 24. Bf3 Bf6 25. Rb1 Nd5 26. Qc1 b5 27. Bxa7
Ra8 28. Bc5 Rxa2 29. Ra1 Rxa1 30. Qxa1 Nc7 31. Qa7 c3 32. Bd1 Be7 33. Bb3+ Kg7
34. Bb6 Bd6 35. Qb8 Nd5 36. Qa7 Qxa7 37. Bxa7 Nb4 38. d5 c2 39. Bd4+ Kf7 40.
Be3 Be5 41. d6+ Ke8 42. Be6 Bxd6 43. Kf1 Nd3 44. Ke2 c1=Q 0-1

[Event "4NCL 3 South pool B"]
[Site "Telford, ENG ENG"]
[Date "2016.01.17"]
[Round "4.126"]
[White "De Coverly, Roger D"]
[Black "Vlcek, Marek"]
[Result "1-0"]
[WhiteElo "2077"]
[BlackElo "1990"]
[PlyCount "77"]
[EventDate "2016.01.17"]
[WhiteTeam "Wessex"]
[BlackTeam "CSC Rhinos [2]"]

1. e4 d5 2. exd5 Nf6 3. c4 c6 4. d4 g6 5. Nf3 cxd5 6. Nc3 Bg7 7. cxd5 Nxd5 8.
Be2 O-O 9. O-O Nc6 10. Qb3 Nxc3 11. bxc3 e5 12. Bg5 Qc7 13. d5 e4 14. dxc6 exf3
15. Bxf3 bxc6 16. Qc4 Be6 17. Qh4 Bxc3 18. Rac1 Bg7 19. Rxc6 Qe5 20. Bf4 Qf5
21. Bd6 Rfc8 22. Qa4 Bd5 23. Rxc8+ Rxc8 24. Bg4 Qg5 25. Be7 f6 26. h4 Qe5 27.
Bxc8 Qxe7 28. Rd1 f5 29. Rxd5 Qe1+ 30. Kh2 Be5+ 31. Rxe5 Qxe5+ 32. g3 Qe2 33.
Qb3+ Kg7 34. Qc3+ Kg8 35. Qd4 Qxa2 36. Bb7 Qa3 37. Bd5+ Kf8 38. Qf6+ Ke8 39.
Bc6# 1-0

[Event "4NCL 3 South pool B"]
[Site "Telford, ENG ENG"]
[Date "2016.01.17"]
[Round "4.127"]
[White "Mashayekh, Majid"]
[Black "Pleasants, Allan J"]
[Result "0-1"]
[WhiteElo "1945"]
[BlackElo "2049"]
[PlyCount "90"]
[EventDate "2016.01.17"]
[WhiteTeam "CSC Rhinos [2]"]
[BlackTeam "Wessex"]

1. d4 d6 2. e4 g6 3. c4 Bg7 4. Nc3 Nf6 5. Nf3 Nc6 6. h3 O-O 7. Bg5 Nd7 8. Qd2
f6 9. Bh4 e5 10. O-O-O exd4 11. Nxd4 Nc5 12. f4 Nxd4 13. Qxd4 Be6 14. Qe3 Qe8
15. Be2 a6 16. Bf2 Qf7 17. b3 Rfe8 18. Bf3 Rab8 19. Qd2 Kh8 20. Rhe1 b5 21.
Bxc5 dxc5 22. cxb5 axb5 23. Kb2 Bf8 24. e5 fxe5 25. fxe5 c4 26. Ne4 Qe7 27. Qc3
Qa3+ 28. Kb1 cxb3 29. axb3 Bb4 30. Qb2 Qxb2+ 31. Kxb2 Bxe1 32. Rxe1 Rbd8 33.
Kc3 b4+ 34. Kc2 Bf5 35. g4 Bxe4+ 36. Rxe4 c5 37. e6 Rd6 38. Re5 Rexe6 39. Rxc5
Kg7 40. g5 Re7 41. Rb5 Rd4 42. Bg4 Rc7+ 43. Kb2 h6 44. gxh6+ Kxh6 45. Rb6 Kg5
0-1

[Event "4NCL 3 South pool B"]
[Site "Telford, ENG ENG"]
[Date "2016.01.17"]
[Round "4.128"]
[White "Adaway, William"]
[Black "Fowler, David"]
[Result "1/2-1/2"]
[WhiteElo "1977"]
[BlackElo "1897"]
[PlyCount "54"]
[EventDate "2016.01.17"]
[WhiteTeam "Wessex"]
[BlackTeam "CSC Rhinos [2]"]

1. e4 c6 2. d4 d5 3. e5 Bf5 4. Nf3 e6 5. Be2 Nd7 6. O-O Bg6 7. Nbd2 Nh6 8. Nb3
Nf5 9. Bf4 Be7 10. Qd2 O-O 11. g4 Nh4 12. Nxh4 Bxh4 13. Bg3 Bxg3 14. hxg3 f6
15. exf6 Qxf6 16. c3 e5 17. dxe5 Nxe5 18. f4 Nd7 19. Bd3 Bxd3 20. Qxd3 Rae8 21.
Rae1 Qd6 22. Kg2 Nc5 23. Nxc5 Qxc5 24. Kf3 a5 25. Re3 Rxe3+ 26. Qxe3 Qc4 27.
Re1 Qb5 1/2-1/2

[Event "4NCL 3 South pool B"]
[Site "Telford, ENG ENG"]
[Date "2016.01.17"]
[Round "4.129"]
[White "Lees, Fraser A"]
[Black "Gregory, Keith D F"]
[Result "0-1"]
[WhiteElo "1836"]
[BlackElo "2008"]
[PlyCount "80"]
[EventDate "2016.01.17"]
[WhiteTeam "CSC Rhinos [2]"]
[BlackTeam "Wessex"]

1. d4 d6 2. e4 Nf6 3. Nc3 Nbd7 4. Be3 e5 5. d5 Be7 6. f3 c6 7. Bc4 O-O 8. Bb3
c5 9. a4 Ne8 10. Qd2 Nc7 11. Bc4 Rb8 12. Nh3 b6 13. Qe2 a6 14. b3 Re8 15. g4
Nf8 16. Nf2 Ng6 17. O-O Bg5 18. Bxg5 Qxg5 19. Nh3 Qh4 20. Qg2 h5 21. Be2 Re7
22. Nd1 Nf4 23. Nxf4 exf4 24. Nf2 Nxd5 25. exd5 Rxe2 26. Rfe1 Re3 27. Rxe3 fxe3
28. Ne4 f5 29. gxf5 Bxf5 30. Kh1 Bxe4 31. fxe4 Re8 32. Rg1 Qxe4 33. Qxe4 Rxe4
34. c4 Kf7 35. Re1 Kf6 36. Re2 Ke5 37. Kg2 Kd4 38. Kf3 g5 39. h3 Rf4+ 40. Kg3
Kd3 0-1

[Event "4NCL 3 South pool B"]
[Site "Telford, ENG ENG"]
[Date "2016.01.17"]
[Round "4.130"]
[White "Marsh, Roger D W"]
[Black "Cooke, Charlie"]
[Result "1/2-1/2"]
[WhiteElo "2003"]
[BlackElo "1847"]
[PlyCount "81"]
[EventDate "2016.01.17"]
[WhiteTeam "Wessex"]
[BlackTeam "CSC Rhinos [2]"]

1. d4 d5 2. c4 e6 3. cxd5 exd5 4. Nc3 Nf6 5. Bg5 Be7 6. e3 O-O 7. Bd3 c6 8. Qc2
Nbd7 9. Nge2 Re8 10. O-O Nf8 11. Rab1 h6 12. Bxf6 Bxf6 13. b4 a6 14. a4 b5 15.
Nf4 Qd6 16. Nce2 Ne6 17. Nxe6 fxe6 18. f4 Bd7 19. a5 Rf8 20. Qd2 Kf7 21. Kh1
Ke8 22. Ng1 Kd8 23. Nf3 Kc8 24. Ne5 Kb7 25. Rbc1 Bxe5 26. fxe5 Qe7 27. Qc3
Rxf1+ 28. Rxf1 Rf8 29. Rxf8 Qxf8 30. Kg1 Be8 31. Qc5 Qxc5 32. dxc5 Kc7 33. Kf2
Kd7 34. Kg3 Ke7 35. Kg4 g6 36. h4 Kf8 37. Kf4 Ke7 38. g4 Kf7 39. Kf3 Ke7 40.
Ke2 Kd7 41. Kd2 1/2-1/2